[Event "Tournoi Skype 029B"]
[Site "Skype"]
[Date "????.??.??"]
[Round "4.8"]
[White "Franco, Yolima"]
[Black "Vaquero, Roberto"]
[Result "0-1"]
[WhiteElo "1517"]
[BlackElo "1123"]
[PlyCount "62"]

1. d4 d5 2. c4 dxc4 3. e4 c5 4. Bxc4 Qxd4 5. Qa4+ Nc6 6. Nf3 Qxe4+ 7. Be3 e6 8.
Nc3 Qg6 9. O-O Bd7 10. Rfd1 Rd8 11. Bb5 Nf6 12. Bxc6 Bxc6 13. Qa5 b6 14. Qxa7
Bxf3 15. Rxd8+ Kxd8 16. Qxb6+ Ke8 17. g3 h5 18. Nb5 Nd5 19. Qc6+ Kd8 20. Rc1
Nxe3 21. Qc7+ Ke8 22. Qc8+ Ke7 23. Qxc5+ Kf6 24. Qxe3 Bd5 25. Nd4 Qe4 26. Qxe4
Bxe4 27. Rc8 g5 28. a4 Bg7 29. Rc7 h4 30. a5 h3 31. b4 Rd8 0-1

[Event "Tournoi Skype 029B"]
[Site "Skype"]
[Date "????.??.??"]
[Round "4.9"]
[White "Rosenkoetter, David"]
[Black "Lago Carballo, Maria Del Carmen"]
[Result "0-1"]
[WhiteElo "1165"]
[BlackElo "1328"]
[PlyCount "104"]

1. e4 d5 2. exd5 Qxd5 3. Nc3 Qd8 4. d4 Nf6 5. Nf3 Bg4 6. Be2 c6 7. O-O e6 8. a3
Bd6 9. Ne5 Bxe2 10. Qxe2 Qc7 11. Bf4 O-O 12. Qf3 Nbd7 13. Nxd7 Nxd7 14. Bxd6
Qxd6 15. Ne4 Qe7 16. c3 Nf6 17. Nxf6+ Qxf6 18. Qxf6 gxf6 19. Rfe1 Kh8 20. Re2
Rg8 21. Rae1 Rg6 22. Re4 f5 23. Re5 Rag8 24. g3 h5 25. Kg2 h4 26. R1e3 Rh6 27.
b4 f4 28. R3e4 hxg3 29. fxg3 fxg3 30. h3 f5 31. Re3 f4 32. R3e4 Rf6 33. Rh5+
Kg7 34. Rg5+ Kf7 35. Rxg8 Kxg8 36. h4 Kg7 37. Re1 Kf7 38. Kf3 Rf5 39. Rg1 Kf6
40. h5 e5 41. dxe5+ Kxe5 42. Re1+ Kf6 43. Kg2 Rxh5 44. Rf1 Rh2+ 45. Kg1 Kg5 46.
Rd1 f3 47. Rd8 f2+ 48. Kf1 Rh1+ 49. Ke2 f1=Q+ 50. Ke3 Qf2+ 51. Ke4 Re1+ 52. Kd3
Rd1+ 0-1

[Event "Tournoi Skype 029B"]
[Site "Skype"]
[Date "????.??.??"]
[Round "4.10"]
[White "Graham, Neil"]
[Black "Hargez, Dany"]
[Result "1-0"]
[WhiteElo "1000"]
[BlackElo "1296"]
[PlyCount "71"]

1. d4 d5 2. c4 Nf6 3. Bg5 e6 4. Nc3 Bb4 5. e3 O-O 6. Nf3 Nbd7 7. cxd5 exd5 8.
Qb3 Bxc3+ 9. bxc3 c6 10. Bd3 h6 11. Bh4 Qe8 12. O-O c5 13. Bb5 c4 14. Qb4 a6
15. Bxf6 Nxf6 16. Bxe8 Rxe8 17. Ne5 b5 18. a4 Rb8 19. Nc6 Rb7 20. axb5 Rxb5 21.
Qa3 Kh7 22. Rab1 Bb7 23. Rxb5 axb5 24. Ne5 Ne4 25. Rb1 Ra8 26. Qb2 Ba6 27. Nxf7
Rf8 28. f3 Nf6 29. Qc2+ g6 30. Ne5 Rg8 31. Ra1 Bb7 32. Ra7 Rg7 33. Nxg6 Kg8 34.
Qf5 Nh7 35. Qe6+ Rf7 36. Rxb7 1-0

[Event "Tournoi Skype 029B"]
[Site "Skype"]
[Date "????.??.??"]
[Round "4.11"]
[White "Battaglia, Gabriele"]
[Black "Quiel, Aristoteles"]
[Result "1-0"]
[WhiteElo "1271"]
[BlackElo "1066"]
[PlyCount "47"]

1. Nf3 f5 2. g3 e6 3. Bg2 c6 4. O-O Bd6 5. d3 Nf6 6. Nbd2 e5 7. e4 fxe4 8. dxe4
Bc7 9. Re1 d6 10. Nc4 O-O 11. c3 Bg4 12. Qb3 d5 13. Ncxe5 Be6 14. Nd4 Re8 15.
Nxe6 Rxe6 16. exd5 Rxe5 17. Bg5 Rxe1+ 18. Rxe1 Bb6 19. dxc6+ Kh8 20. cxb7 Qd2
21. Bxd2 h5 22. bxa8=Q Kh7 23. Qxb8 Ng4 24. Be3 1-0

[Event "Tournoi Skype 029B"]
[Site "Skype"]
[Date "????.??.??"]
[Round "4.12"]
[White "Yepez, German"]
[Black "Funez, Lilian"]
[Result "0-1"]
[WhiteElo "1191"]
[BlackElo "1088"]
[PlyCount "38"]

1. d4 Nf6 2. Bg5 d5 3. f4 e6 4. Nf3 Bb4+ 5. c3 Bd6 6. g3 c5 7. Qd3 Qb6 8. Qc2
Ne4 9. Nbd2 cxd4 10. Nxe4 dxe4 11. Nxd4 h6 12. Bh4 g5 13. fxg5 hxg5 14. Bxg5
Bxg3+ 15. Kd2 e5 16. Nb3 Qg6 17. Be3 Rxh2 18. Rxh2 Bxh2 19. Qxe4 Qxe4 0-1

[Event "Tournoi Skype 029B"]
[Site "Skype"]
[Date "????.??.??"]
[Round "4.13"]
[White "San Isidoro, Josep"]
[Black "Mendoza Lainez, Ricardo Jose"]
[Result "1/2-1/2"]
[WhiteElo "1405"]
[BlackElo "1137"]
[PlyCount "83"]

1. e4 e5 2. Nf3 Nf6 3. Nxe5 Nxe4 4. Qe2 d5 5. d3 Nc6 6. Nxc6 bxc6 7. dxe4 d4 8.
Bd2 Be7 9. g3 O-O 10. Bg2 a5 11. O-O Ba6 12. Qe1 d3 13. c3 a4 14. b3 a3 15. Bc1
Qd7 16. Qd2 f5 17. exf5 Rxf5 18. Bh3 Raf8 19. Bxf5 Qxf5 20. Bxa3 Bg5 21. f4 Rf7
22. Rf2 Bf6 23. Bb2 c5 24. c4 Bb7 25. Bxf6 Rxf6 26. Nc3 h5 27. Raf1 h4 28. Nd1
hxg3 29. hxg3 Qh3 30. Rg2 Rg6 31. Qf2 Bxg2 32. Qxg2 Rxg3 33. Rf2 Rxg2+ 34. Rxg2
Qf3 35. Rd2 Qg3+ 36. Kf1 Qf3+ 37. Kg1 Qg4+ 38. Kh1 Qf3+ 39. Kg1 Qg3+ 40. Kh1
Qh3+ 41. Kg1 Qg4+ 42. Kh1 1/2-1/2

[Event "Tournoi Skype 029B"]
[Site "Skype"]
[Date "????.??.??"]
[Round "4.14"]
[White "Luna Perez Vico, Lorenzo"]
[Black "Franca, Adilson Mendes"]
[Result "1/2-1/2"]
[WhiteElo "1386"]
[BlackElo "1131"]
[PlyCount "117"]

1. e4 e5 2. Nf3 Nc6 3. d4 d6 4. dxe5 dxe5 5. Qxd8+ Kxd8 6. Bc4 Bg4 7. Bxf7 Bxf3
8. gxf3 Nd4 9. Bb3 Nxf3+ 10. Ke2 Nd4+ 11. Kd3 Kd7 12. Ba4+ c6 13. c3 Ne6 14.
Be3 Bc5 15. Bb3 Bxe3 16. Bxe6+ Kxe6 17. Kxe3 Rd8 18. Na3 Nf6 19. h3 Rhf8 20.
Rad1 Rxd1 21. Rxd1 Nd7 22. Nc4 Rf4 23. Rd6+ Ke7 24. Rd1 Rh4 25. Rh1 b5 26. Nd2
g5 27. Nf3 Rh5 28. h4 g4 29. Nd2 Rh6 30. Nf1 Rd6 31. Ng3 c5 32. Ke2 Ke6 33. Rd1
Ra6 34. Ra1 b4 35. cxb4 cxb4 36. Ke3 Nc5 37. Rc1 Na4 38. Rc2 Rd6 39. h5 a5 40.
Ne2 Rd1 41. b3 Nb6 42. Rc6+ Kd7 43. Rxb6 Ra1 44. Rb7+ Kc6 45. Rxh7 Rxa2 46.
Rh6+ Kd7 47. Rh7+ Ke6 48. Rh6+ Kf7 49. Rg6 Ra1 50. Rxg4 Rb1 51. Rg5 Rxb3+ 52.
Kd2 Kf6 53. Rg6+ Kf7 54. Ra6 Ra3 55. h6 Ra2+ 56. Ke3 Ra3+ 57. Kd2 Ra2+ 58. Ke3
Ra3+ 59. Kd2 1/2-1/2

[Event "Tournoi Skype 029B"]
[Site "Skype"]
[Date "????.??.??"]
[Round "4.15"]
[White "Conde, Abigail"]
[Black "Vincent, Andre"]
[Result "1-0"]
[WhiteElo "1112"]
[BlackElo "1377"]
[PlyCount "103"]

1. d4 Nf6 2. c4 c6 3. e3 d5 4. c5 Bf5 5. Nc3 e6 6. Be2 Be7 7. Nf3 Nbd7 8. Ng5
h6 9. Nf3 Ne4 10. Nxe4 Bxe4 11. O-O O-O 12. Ne5 Qc7 13. Ng4 e5 14. f3 Bh7 15.
f4 e4 16. Ne5 f6 17. Ng4 b6 18. b4 a5 19. Bd2 bxc5 20. bxc5 Rfb8 21. Nf2 f5 22.
g4 Nf6 23. g5 hxg5 24. fxg5 Nd7 25. Nh3 Rb7 26. Nf4 Nf8 27. Bh5 g6 28. Be2 Bxg5
29. Nh3 Bh6 30. Qe1 Ne6 31. Qh4 Qg7 32. Kh1 g5 33. Qg3 f4 34. Qg4 Qg6 35. Rg1
Qf5 36. Qh5 Qf6 37. Qg4 Qf5 38. Raf1 Qxg4 39. Bxg4 Re7 40. exf4 e3 41. Bxe3
Be4+ 42. Bf3 Bxf3+ 43. Rxf3 Rg7 44. f5 Rf8 45. f6 Rgf7 46. Nxg5 Bxg5 47. Bxg5
Nxd4 48. Be3+ Kh8 49. Bxd4 Rg8 50. Rh3+ Rh7 51. f7+ Rgg7 52. Bxg7# 1-0

[Event "Tournoi Skype 029B"]
[Site "Skype"]
[Date "????.??.??"]
[Round "4.16"]
[White "Barrionuevo, Hilario"]
[Black "Loaisiga Perez, Carlos Alberto"]
[Result "0-1"]
[WhiteElo "1132"]
[BlackElo "1374"]
[PlyCount "50"]

1. d4 Nf6 2. Bf4 d5 3. Nc3 Bf5 4. Nb5 Na6 5. a3 e6 6. e3 c6 7. Nc3 Be7 8. Bxa6
bxa6 9. b4 O-O 10. Nce2 a5 11. Ng3 Bg6 12. h4 h5 13. Nf3 axb4 14. Rc1 bxa3 15.
c4 Qa5+ 16. Nd2 Bb4 17. O-O Bxd2 18. Ra1 a2 19. Ne2 dxc4 20. e4 Nxe4 21. f3
Bxf4 22. Nxf4 Nd2 23. Rf2 c3 24. Ne2 c2 25. Nc1 cxd1=Q+ 0-1

[Event "Tournoi Skype 029B"]
[Site "Skype"]
[Date "????.??.??"]
[Round "4.17"]
[White "Scata, Laura"]
[Black "Sosa, Juan Carlos"]
[Result "0-1"]
[WhiteElo "1366"]
[BlackElo "1121"]
[PlyCount "98"]

1. d4 d5 2. Nf3 Nc6 3. c3 h6 4. Bf4 Nf6 5. h3 Bf5 6. e3 Nh5 7. Bh2 e6 8. Nbd2
Bd6 9. Bxd6 Qxd6 10. g4 Ng3 11. Rg1 Nxf1 12. gxf5 Nxd2 13. Qxd2 exf5 14. Rxg7
Qf6 15. Rg1 O-O-O 16. O-O-O Rhe8 17. Qd3 f4 18. Rde1 fxe3 19. Rxe3 Qf4 20. Rg4
Rxe3 21. Rxf4 Rxd3 22. Kc2 Rxf3 23. Rxf3 Rd7 24. Rf6 Re7 25. Kd2 b5 26. Rxc6 f5
27. Rxh6 f4 28. h4 f3 29. Kd3 Re2 30. h5 Rxf2 31. Rf6 Rxb2 32. Rxf3 Rxa2 33.
Rh3 Ra3 34. h6 b4 35. h7 Rxc3+ 36. Kd2 Rxh3 37. Kc2 a5 38. Kb2 Rxh7 39. Ka2 Rh3
40. Kb2 a4 41. Ka2 Rd3 42. Kb2 Rxd4 43. Ka2 Rc4 44. Kb2 d4 45. Kb1 d3 46. Kb2
d2 47. Ka2 d1=Q 48. Kb2 Qb3+ 49. Ka1 Rc1# 0-1

[Event "Tournoi Skype 029B"]
[Site "Skype"]
[Date "????.??.??"]
[Round "4.19"]
[White "Raudales, Victor"]
[Black "Ortis, Yves"]
[Result "1/2-1/2"]
[WhiteElo "1340"]
[BlackElo "1096"]
[PlyCount "101"]

1. e4 e5 2. Nf3 Nc6 3. Bb5 Nd4 4. Ba4 c6 5. O-O f6 6. c3 Nxf3+ 7. Qxf3 d6 8. d4
Bd7 9. Bb3 Ne7 10. Na3 Qc8 11. Nc4 Qc7 12. dxe5 dxe5 13. Rd1 O-O-O 14. Nd6+ Kb8
15. Nf7 Rg8 16. Nxd8 Qxd8 17. Bxg8 Nxg8 18. b4 Qc7 19. a4 a6 20. b5 cxb5 21.
axb5 Bxb5 22. Ba3 Bxa3 23. Rxa3 Ne7 24. Qh5 Qc5 25. Raa1 Ng6 26. Qxh7 Nf4 27.
Qg8+ Ka7 28. g3 Ne2+ 29. Kg2 Nxc3 30. Rdc1 Qd4 31. Re1 Nxe4 32. Ra2 Nc3 33. Rc2
Bc6+ 34. Kh3 Qd7+ 35. g4 Qd3+ 36. Re3 Qxc2 37. Qc4 Qh7+ 38. Kg3 Ne4+ 39. Rxe4
Bxe4 40. Qc5+ Kb8 41. Qf8+ Kc7 42. Qc5+ Bc6 43. Qe7+ Kb6 44. Qb4+ Kc7 45. Qe7+
Bd7 46. Qc5+ Kd8 47. Qf8+ Be8 48. Qd6+ Bd7 49. Qf8+ Be8 50. Qd6+ Bd7 51. Qf8+
1/2-1/2

[Event "Tournoi Skype 029B"]
[Site "Skype"]
[Date "????.??.??"]
[Round "4.20"]
[White "Ibanez, Bittor"]
[Black "Gomez Caballero, Blas"]
[Result "0-1"]
[WhiteElo "1330"]
[BlackElo "1081"]
[PlyCount "100"]

1. e4 e5 2. Nf3 Nc6 3. Bc4 d6 4. O-O Nf6 5. Ng5 Be6 6. Bxe6 fxe6 7. Re1 h6 8.
Nf3 Qd7 9. d4 O-O-O 10. c4 Kb8 11. Nc3 a6 12. Ne2 d5 13. exd5 exd5 14. dxe5
dxc4 15. Bd2 Ng4 16. Ng3 Bc5 17. Be3 Bxe3 18. fxe3 Ngxe5 19. Qxd7 Nxf3+ 20.
gxf3 Rxd7 21. Rad1 Rhd8 22. Rxd7 Rxd7 23. Ne4 Ne5 24. Kg2 Rf7 25. f4 Nd3 26.
Re2 g5 27. fxg5 hxg5 28. Nxg5 Rg7 29. Kf3 Rxg5 30. h4 Rh5 31. Kg4 Rh8 32. a3
Ne5+ 33. Kg3 Kc8 34. Rd2 b5 35. Rd5 Nd3 36. a4 c6 37. Rf5 bxa4 38. h5 Nxb2 39.
Rc5 c3 40. Rxc3 Rxh5 41. Rxc6+ Kb7 42. Rc2 a3 43. Kg4 Ra5 44. e4 Ka7 45. Rc7+
Kb6 46. Rc1 Nd3 47. Rf1 a2 48. Rf6+ Kb5 49. Rf1 a1=Q 50. Rxa1 Rxa1 0-1

[Event "Tournoi Skype 029B"]
[Site "Skype"]
[Date "????.??.??"]
[Round "4.21"]
[White "Cengiz, Ali Ekber"]
[Black "Schuh, David"]
[Result "1-0"]
[WhiteElo "1299"]
[BlackElo "1072"]
[PlyCount "111"]

1. e4 c5 2. Nf3 d6 3. Bc4 Nf6 4. d3 g6 5. c3 e5 6. Ng5 Be6 7. Bxe6 fxe6 8. Qb3
Qe7 9. Qxe6 Bh6 10. Qc8+ Qd8 11. Qxd8+ Kxd8 12. Nf7+ Kd7 13. Nxh8 Bxc1 14. Na3
Bxb2 15. Rb1 Bxa3 16. Nf7 b6 17. O-O Nc6 18. Rb3 Bb4 19. cxb4 Nxb4 20. a3 Nc2
21. f4 Rf8 22. Ng5 Ne3 23. Rf3 Nfg4 24. fxe5 Rxf3 25. gxf3 Nxe5 26. Kf2 Nd1+
27. Ke2 h6 28. Nh3 c4 29. dxc4 Nxc4 30. Kxd1 Ke6 31. a4 d5 32. exd5+ Kxd5 33.
Nf4+ Kd4 34. Nxg6 Ne3+ 35. Ke2 Nc4 36. Rd3+ Kc5 37. Rc3 Kd4 38. Rd3+ Kc5 39.
Rd7 a6 40. f4 b5 41. f5 Nd6 42. f6 bxa4 43. f7 Nxf7 44. Rxf7 a3 45. Kd2 a2 46.
Rf1 Kb4 47. Kc2 Ka3 48. Ra1 h5 49. Ne5 a5 50. Nc4+ Kb4 51. Nxa5 Kxa5 52. Rxa2+
Kb4 53. Kd3 h4 54. Rg2 h3 55. Rg3 Kc5 56. Rxh3 1-0

[Event "Tournoi Skype 029B"]
[Site "Skype"]
[Date "????.??.??"]
[Round "4.22"]
[White "Reese, Evan"]
[Black "Yepes Bermudez, Maribel"]
[Result "1-0"]
[WhiteElo "1102"]
[BlackElo "1287"]
[PlyCount "59"]

1. e4 d5 2. exd5 Qxd5 3. Nc3 Qa5 4. Bc4 Nf6 5. d4 c6 6. Nf3 Bf5 7. O-O e6 8.
Be2 Bd6 9. Bd2 Nbd7 10. Nb5 Qd8 11. Nxd6+ Ke7 12. Nxf5+ exf5 13. Bc4 Re8 14.
Ng5 Qb6 15. Bxf7 Red8 16. Qe1+ Ne4 17. Bb4+ c5 18. Ba5 Qf6 19. Bxd8+ Rxd8 20.
Nxe4 fxe4 21. Bd5 Qxd4 22. Rd1 Qe5 23. f3 e3 24. Qh4+ Nf6 25. Qc4 Nxd5 26.
Qxc5+ Kf7 27. Rfe1 b6 28. Qc4 g5 29. Qd3 Kg7 30. c4 1-0

[Event "Tournoi Skype 029B"]
[Site "Skype"]
[Date "????.??.??"]
[Round "4.23"]
[White "Tolaro, Filippa"]
[Black "Bucherie, Volcy"]
[Result "0-1"]
[WhiteElo "1086"]
[BlackElo "1274"]
[PlyCount "82"]

1. d4 Nf6 2. Bf4 c5 3. e3 g6 4. c4 b5 5. Nf3 Bg7 6. cxb5 a6 7. dxc5 O-O 8. Bc4
d5 9. Bd3 Ne4 10. Ne5 Nxc5 11. Nc3 d4 12. exd4 Qxd4 13. O-O Qxf4 14. Re1 Bxe5
15. Be4 Qxh2+ 16. Kf1 Nxe4 17. Rxe4 axb5 18. g3 Nc6 19. Rh4 Bxg3 20. Rxh2 Bxh2
21. Nxb5 Ba6 22. Qd5 Nb4 23. Qc4 Bxb5 24. Qxb5 Rxa2 25. Rb1 Rb8 26. Qc4 e6 27.
Kg2 Be5 28. b3 Rd2 29. Re1 Nd3 30. Re3 Rxf2+ 31. Kh3 Nf4+ 32. Kg3 Nd3+ 33. Kg4
h5+ 34. Kg5 Bf4+ 35. Kh4 Bxe3 36. Qxd3 Rb4+ 37. Kg3 Rg4+ 38. Kh3 Rf3+ 39. Kh2
Bg1+ 40. Kh1 Rxd3 41. b4 Rh3# 0-1

[Event "Tournoi Skype 029B"]
[Site "Skype"]
[Date "????.??.??"]
[Round "4.24"]
[White "Fernandez Zaldivar, Antonio"]
[Black "Crocioni, Luca"]
[Result "1-0"]
[WhiteElo "1246"]
[BlackElo "1068"]
[PlyCount "109"]

1. e4 d5 2. exd5 Qxd5 3. Nc3 Qe5+ 4. Nge2 Bf5 5. d3 Nf6 6. Bf4 Qc5 7. Be3 Qd6
8. h3 h5 9. Ng3 Bg6 10. Qf3 c6 11. O-O-O e6 12. Nge4 Nxe4 13. Nxe4 Qd8 14. g4
Qa5 15. Nc3 Bb4 16. Bd2 Nd7 17. Kb1 Qb6 18. Na4 Qa5 19. Bxb4 Qxb4 20. Nc3 hxg4
21. hxg4 Rxh1 22. Qxh1 Qxg4 23. Qh8+ Nf8 24. Qxg7 O-O-O 25. Qh6 Qg1 26. Qf4 Bh5
27. Re1 Ng6 28. Qe3 Ne7 29. Ne2 Bxe2 30. Qxe2 Nf5 31. c3 Qg6 32. Bh3 Nd6 33.
Bg4 Rh8 34. Bf3 Nb5 35. Kc2 Qf5 36. Bg4 Qc5 37. Qe3 Qxe3 38. fxe3 Rh2+ 39. Kc1
Rh4 40. Bd1 a5 41. a4 Nc7 42. d4 Rh3 43. Bc2 Nd5 44. e4 Ne3 45. e5 Nc4 46. Rf1
Ne3 47. Rf2 Rh1+ 48. Kd2 Nc4+ 49. Ke2 Nxb2 50. Rxf7 Rh2+ 51. Rf2 Nc4 52. Rxh2
b5 53. Bb3 Kd7 54. Rh7+ Kd8 55. Bxc4 1-0

[Event "Tournoi Skype 029B"]
[Site "Skype"]
[Date "????.??.??"]
[Round "4.26"]
[White "Tembhurnekar, Ritu"]
[Black "Kumbhar, Ashok"]
[Result "0-1"]
[WhiteElo "1219"]
[BlackElo "1018"]
[PlyCount "48"]

1. d4 e6 2. Nf3 Nf6 3. Bf4 d5 4. e3 c5 5. c3 Nc6 6. Nbd2 cxd4 7. Nxd4 Bd7 8.
N4f3 Bc5 9. Bd3 O-O 10. O-O Re8 11. Ne5 Nxe5 12. Bxe5 a6 13. Qc2 Rc8 14. Nf3
Ng4 15. Bxh7+ Kh8 16. Bd4 Bd6 17. Rad1 e5 18. Ba7 Ra8 19. h3 Rxa7 20. hxg4 e4
21. Rxd5 Bxg4 22. Ng5 Bh2+ 23. Kxh2 Qxd5 24. Nxe4 Qh5+ 0-1

[Event "Tournoi Skype 029B"]
[Site "Skype"]
[Date "????.??.??"]
[Round "4.27"]
[White "Khatanhar, Mohit"]
[Black "Herrera, Oscar"]
[Result "1-0"]
[WhiteElo "1218"]
[BlackElo "1000"]
[PlyCount "123"]

1. e4 e5 2. Nf3 Nc6 3. Bc4 h6 4. Nc3 Nf6 5. d4 exd4 6. Nxd4 Nxd4 7. Qxd4 c5 8.
Qe5+ Be7 9. O-O O-O 10. Qg3 Nh5 11. Qf3 Bg5 12. Qxh5 g6 13. Qxg6+ Kh8 14. Qh5
Qf6 15. Bxg5 Qxg5 16. Qxg5 hxg5 17. Rfe1 d6 18. e5 dxe5 19. Rxe5 f6 20. Re7 a6
21. Rae1 Bf5 22. Rxb7 Rae8 23. Rxe8 Rxe8 24. g3 Bxc2 25. Bxa6 Re1+ 26. Kg2 Re6
27. Rc7 Rxa6 28. Rxc5 Re6 29. a3 f5 30. f3 g4 31. Kf2 Bd3 32. fxg4 fxg4 33. Rg5
Rf6+ 34. Ke3 Rf3+ 35. Kd4 Bf5 36. b4 Rd3+ 37. Kc4 Rf3 38. a4 Be6+ 39. Kd4 Bf5
40. a5 Bc8 41. b5 Kh7 42. a6 Kh6 43. Rg8 Be6 44. Re8 Rf6 45. a7 Bf7 46. Rh8+
Kg5 47. a8=Q Rd6+ 48. Kc5 Re6 49. b6 Re5+ 50. Kd4 Kf5 51. Rf8 Re7 52. b7 Rd7+
53. Kc5 Rc7+ 54. Kd6 Rxc3 55. b8=Q Rd3+ 56. Ke7 Kg6 57. Qe4+ Kh5 58. Qxd3 Bg6
59. Qe3 Bf5 60. Kf6 Bg6 61. Qbe5+ Bf5 62. Qxf5# 1-0

[Event "Tournoi Skype 029B"]
[Site "Skype"]
[Date "????.??.??"]
[Round "4.28"]
[White "Jimenez Del Rosario, Alsis Raynely"]
[Black "Barba Cepeda, Julio Cesar"]
[Result "1-0"]
[WhiteElo "1082"]
[BlackElo "1204"]
[PlyCount "59"]

1. d4 Nf6 2. c4 d5 3. c5 e6 4. Nc3 Nc6 5. Nf3 Bd6 6. cxd6 Qxd6 7. Nb5 Qb4+ 8.
Nc3 O-O 9. a3 Qb6 10. e3 Re8 11. Bb5 Bd7 12. O-O Rad8 13. b4 a6 14. Bxc6 Qxc6
15. Ne5 Qd6 16. Nxd7 Qxd7 17. a4 c6 18. Bb2 Qd6 19. Ba3 Qc7 20. a5 Qb8 21. Ne2
Ng4 22. g3 e5 23. dxe5 Nxe5 24. Nf4 Nc4 25. Bc1 Re7 26. Qe2 Rde8 27. Ng2 Re6
28. Bd2 Qd6 29. Rac1 Qxb4 30. Bxb4 1-0

[Event "Tournoi Skype 029B"]
[Site "Skype"]
[Date "????.??.??"]
[Round "4.29"]
[White "Rodriguez Tovar, Liliana"]
[Black "Garganese, Paolo"]
[Result "0-1"]
[WhiteElo "1036"]
[BlackElo "1199"]
[PlyCount "55"]

1. d4 Nf6 2. Nf3 e6 3. e3 c5 4. Bd3 Nc6 5. a3 d5 6. b3 b6 7. Nbd2 Bb7 8. e4
cxd4 9. e5 Nd7 10. Qe2 Be7 11. O-O O-O 12. Bb2 Qc7 13. Nxd4 Nxd4 14. Bxd4 Bc5
15. Qh5 g6 16. Qg4 Nxe5 17. Qf4 Bd6 18. Qh6 f6 19. Bxg6 Nxg6 20. f4 Bxf4 21.
Qh5 e5 22. Rf3 exd4 23. Rh3 Rf7 24. Qd1 Re8 25. Nf3 Be3+ 26. Kh1 Bc8 27. Rg3
Bf2 28. Rxg6+ 0-1

[Event "Tournoi Skype 029B"]
[Site "Skype"]
[Date "????.??.??"]
[Round "4.30"]
[White "Alarcon Alarcon, Marina"]
[Black "Lima Santana, Claudia"]
[Result "1-0"]
[WhiteElo "1198"]
[BlackElo "1000"]
[PlyCount "67"]

1. e4 g6 2. d4 Bg7 3. c3 d6 4. Nf3 c6 5. Bd3 e5 6. Be3 Nd7 7. Nbd2 Ngf6 8. h3
O-O 9. O-O Re8 10. Qc2 b5 11. a3 Qc7 12. Rac1 d5 13. Ng5 h6 14. dxe5 Nxe5 15.
Ngf3 dxe4 16. Nxe5 Rxe5 17. Bxe4 Bb7 18. Bd4 Rae8 19. Bxe5 Rxe5 20. Bf3 Rg5 21.
Rfe1 Bc8 22. Ne4 a5 23. Nxg5 hxg5 24. Qe2 Bf5 25. g4 Be6 26. Bg2 Bf8 27. Qe5
Qe7 28. Bxc6 Bg7 29. Bxb5 Nh7 30. Qb8+ Bf8 31. Rcd1 f5 32. Rd8 Kf7 33. Be8+ Kf6
34. Qe5# 1-0

[Event "Tournoi Skype 029B"]
[Site "Skype"]
[Date "????.??.??"]
[Round "4.31"]
[White "Moraga Vasquez, Michael"]
[Black "Chavez Cruz, Isidro"]
[Result "1/2-1/2"]
[WhiteElo "1008"]
[BlackElo "1190"]
[PlyCount "94"]

1. e4 d5 2. exd5 Nf6 3. Nc3 Nxd5 4. Nf3 e6 5. d4 Nc6 6. Bc4 Nb6 7. Bb5 Be7 8.
O-O O-O 9. Re1 Nd5 10. Nxd5 Qxd5 11. Bd3 f5 12. c4 Qd6 13. d5 Nb4 14. Bg5 Bxg5
15. Nxg5 exd5 16. a3 Nxd3 17. Qxd3 h6 18. Nf3 Be6 19. Rxe6 Qxe6 20. cxd5 Qf6
21. Rd1 Rad8 22. Qb3 Rb8 23. d6+ Qf7 24. Qc3 Rbd8 25. h3 Rxd6 26. Re1 Kh7 27.
Ne5 Qe7 28. Ng6 Qxe1+ 29. Qxe1 Kxg6 30. Qe7 Rf7 31. Qh4 Rfd7 32. Qg3+ Kf6 33.
Qh4+ Kg6 34. Qg3+ Kh7 35. Qf3 Rd5 36. h4 a5 37. h5 Kg8 38. Qe3 Kh7 39. g4 R7d6
40. g5 hxg5 41. Qxg5 Kg8 42. Qe7 Rd1+ 43. Kg2 Rh6 44. Qe8+ Kh7 45. Qf7 Rhd6 46.
Qxf5+ Kh6 47. Qf7 b6 1/2-1/2

[Event "Tournoi Skype 029B"]
[Site "Skype"]
[Date "????.??.??"]
[Round "4.32"]
[White "Ruiz Gomez, Luz Alba"]
[Black "Nicolini, Francesco"]
[Result "0-1"]
[WhiteElo "1190"]
[BlackElo "1000"]
[PlyCount "116"]

1. d4 d6 2. Bf4 g6 3. e3 Bg7 4. Nf3 c5 5. c3 Qb6 6. Qb3 Qxb3 7. axb3 cxd4 8.
exd4 Nc6 9. Nbd2 Bf5 10. Bb5 Bd7 11. O-O a6 12. Bd3 Nf6 13. Rfe1 O-O 14. b4 b5
15. Ng5 Bh6 16. Nde4 Nxe4 17. Bxe4 e6 18. Bxd6 Bxg5 19. Bxf8 Kxf8 20. Bxc6 Bxc6
21. Rad1 Bd5 22. Ra1 Bf6 23. Ra2 Bxa2 24. Ra1 Bc4 25. Rd1 Re8 26. Ra1 e5 27.
dxe5 Rxe5 28. h3 Re2 29. Rxa6 Re1+ 30. Kh2 Rf1 31. Rxf6 Kg7 32. Rf4 Rb1 33. Kg3
Rxb2 34. Rd4 Rb3 35. Rd2 Rxc3+ 36. f3 Rb3 37. Rc2 Rxb4 38. Rd2 Be6 39. Rd6 Rb1
40. Rb6 b4 41. Rb7 b3 42. Rb4 Rc1 43. Rb6 Rc2 44. Ra6 b2 45. Rb6 Ba2 46. Rxb2
Rxb2 47. Kh2 f5 48. f4 Bc4 49. Kg3 Bf1 50. h4 Rxg2+ 51. Kf3 Rg4 52. Ke3 Rxh4
53. Kf3 h5 54. Kg3 Rg4+ 55. Kf3 h4 56. Kf2 h3 57. Kxf1 Rg2 58. Ke1 h2 0-1

[Event "Tournoi Skype 029B"]
[Site "Skype"]
[Date "????.??.??"]
[Round "4.33"]
[White "Castellanos Gonzalez, Mariano"]
[Black "Conde, Carmen"]
[Result "1-0"]
[WhiteElo "1000"]
[BlackElo "1188"]
[PlyCount "113"]

1. e4 d6 2. d4 a6 3. f4 e6 4. Bd3 Nc6 5. Nf3 h6 6. O-O Bd7 7. Nc3 Nf6 8. Qe1 g6
9. e5 dxe5 10. dxe5 Nh5 11. Nh4 Qe7 12. Nxg6 fxg6 13. Bxg6+ Kd8 14. Bxh5 Nd4
15. Qf2 Nf5 16. Bg4 Qc5 17. Bxf5 Qxf2+ 18. Kxf2 Bc5+ 19. Be3 Bxe3+ 20. Kxe3
exf5 21. Rad1 Re8 22. Rd2 c6 23. Rfd1 Re7 24. Ne2 Kc7 25. Ng3 Be6 26. a3 b5 27.
Ne2 Bd5 28. g3 h5 29. Nc3 Be6 30. Na2 a5 31. Nc1 Kb6 32. Rd8 Raa7 33. Nd3 a4
34. Rb8+ Kc7 35. Rh8 Bf7 36. Rh7 Kb6 37. Rg7 Re6 38. Rg5 Bg6 39. Nb4 Kc5 40.
Rd6 Bf7 41. Rxe6 Bxe6 42. Rxh5 Rg7 43. Rh6 Bd7 44. Rh5 Kc4 45. Rg5 Rh7 46. h4
c5 47. Nd3 b4 48. axb4 cxb4 49. Rg6 a3 50. bxa3 bxa3 51. Ra6 Kc3 52. Rxa3+ Kxc2
53. Ra7 Rg7 54. Rc7+ Kb1 55. Kf2 Ka2 56. Nc5 Ka3 57. Rxd7 1-0

[Event "Tournoi Skype 029B"]
[Site "Skype"]
[Date "????.??.??"]
[Round "4.34"]
[White "Linares Vernet, Ana"]
[Black "Prieto, Jairo Ovidio"]
[Result "1-0"]
[WhiteElo "1171"]
[BlackElo "1000"]
[PlyCount "129"]

1. d4 d5 2. Bf4 Bf5 3. Nf3 h6 4. c3 e6 5. e3 Bd6 6. Bg3 Bxg3 7. hxg3 Nf6 8. Ne5
Nbd7 9. Bd3 Bxd3 10. Qxd3 Nxe5 11. dxe5 Ne4 12. Qb5+ c6 13. Qxb7 Qc8 14. Qb3
Rb8 15. Qc2 Qb7 16. b3 O-O 17. O-O Qc7 18. Nd2 Nxd2 19. Qxd2 Qxe5 20. Qd4 Qxd4
21. exd4 Rfc8 22. Rfc1 a5 23. Rab1 c5 24. f4 f5 25. Kf2 Kf7 26. Ke2 h5 27. c4
a4 28. cxd5 axb3 29. dxe6+ Kxe6 30. axb3 cxd4 31. Rxc8 Rxc8 32. Kd2 Kd5 33. Rc1
Rb8 34. Rb1 Rb4 35. Kd3 g6 36. Rb2 Kd6 37. Rb1 Kd5 38. Rb2 Kd6 39. Rc2 Rxb3+
40. Kxd4 Rb4+ 41. Kc3 Rb5 42. Rd2+ Rd5 43. Rd4 Rxd4 44. Kxd4 Ke6 45. Kc5 Ke7
46. Kd5 Kf6 47. Kd6 g5 48. Kd5 Kf7 49. Ke5 Kg6 50. Ke6 h4 51. gxh4 gxf4 52. Ke5
Kh5 53. Kxf5 Kxh4 54. Kxf4 Kh5 55. g3 Kg6 56. g4 Kf6 57. g5+ Kg6 58. Kg4 Kg7
59. Kf5 Kf7 60. g6+ Ke7 61. Kg5 Kf8 62. Kf5 Ke7 63. Ke5 Kf8 64. Kf6 Kg8 65. g7
1-0

[Event "Tournoi Skype 029B"]
[Site "Skype"]
[Date "????.??.??"]
[Round "4.35"]
[White "Parrales, Rodolfo"]
[Black "Talwalkar, Omkar Sameer"]
[Result "1/2-1/2"]
[WhiteElo "1171"]
[BlackElo "1000"]
[PlyCount "141"]

1. e4 e5 2. Nf3 Nc6 3. d4 exd4 4. Nxd4 Nf6 5. Nb3 Nxe4 6. Bd3 Nf6 7. O-O Be7 8.
Re1 O-O 9. Nc3 d5 10. Bf4 Bg4 11. Qd2 Nh5 12. Nxd5 Bd6 13. Bxd6 Qxd6 14. Ne3
Nf6 15. Nxg4 Nxg4 16. g3 Qh6 17. Qxh6 Nxh6 18. Nc5 Nd4 19. Be4 Rfe8 20. c3 Nc6
21. Nxb7 Ne5 22. Nc5 Rad8 23. Nb3 f5 24. Bg2 Nhf7 25. f4 Nd3 26. Rxe8+ Rxe8 27.
Bc6 Re1+ 28. Rxe1 Nxe1 29. Kf2 Nd3+ 30. Ke3 Nxb2 31. Nc5 Nd1+ 32. Kd4 Nd8 33.
Bd5+ Kf8 34. Ne6+ Nxe6+ 35. Bxe6 Ke7 36. Bxf5 g6 37. Bg4 Nb2 38. h4 h5 39. Bf3
Kf6 40. g4 hxg4 41. Bxg4 a6 42. Kd5 Nd3 43. Kc6 Nxf4 44. Kxc7 Nd5+ 45. Kd6 Nxc3
46. Kc6 Nxa2 47. Kb6 Nb4 48. Ka5 Nc6+ 49. Kxa6 Nd4 50. Kb6 Nf5 51. h5 g5 52.
Kc5 Ke5 53. Kb4 Kf4 54. Bxf5 Kxf5 55. h6 Kg6 56. h7 Kxh7 57. Kc3 Kg6 58. Kd2
Kf5 59. Ke2 Kf4 60. Kf2 g4 61. Kg2 g3 62. Kg1 Kf3 63. Kh1 Kg4 64. Kg2 Kh4 65.
Kg1 Kh3 66. Kh1 Kg4 67. Kg2 Kf4 68. Kg1 Kf3 69. Kh1 g2+ 70. Kg1 Ke2 71. Kxg2
1/2-1/2